书目信息 |
| 题名: |
第一哲学
|
|
| 作者: | 胡塞尔 著 ;王炳文 译 | |
| 分册: | 上册 | |
| 出版信息: | 北京 商务印书馆 2010.10 |
|
| 页数: | 549页 | |
| 开本: | 21cm | |
| 丛书名: | 汉译世界学术名著丛书 | |
| 单 册: | ||
| 中图分类: | B089 , B516.52 | |
| 科图分类: | ||
| 主题词: | 现象学 | |
| 电子资源: | ||
| ISBN: | 978-7-100-07164-2 | |
| 000 | 01042nam0 2200301 450 | |
| 001 | 29410 | |
| 005 | 20221105144519.41 | |
| 010 | @a978-7-100-07164-2@dCNY53.00 | |
| 100 | @a20110121d2010 em y0chiy0120 ea | |
| 101 | 1 | @achi@cger |
| 102 | @aCN@b110000 | |
| 105 | @ay z 001yy | |
| 200 | 1 | @a第一哲学@h上册@f(德)胡塞尔(Edmund Husserl)著@g王炳文译@Adi yi zhe xue |
| 210 | @a北京@c商务印书馆@d2010.10 | |
| 215 | @a549页@d21cm | |
| 225 | 2 | @a汉译世界学术名著丛书 |
| 305 | @a据Kluwer Publishers B. V.1959版本译出 | |
| 330 | @a本书分为上下两卷,上卷为批判的理念史共三篇文章;下卷为现象学还原的理论共四篇文章及增补文章。 | |
| 410 | 0 | @1001012001018811 |
| 600 | 0 | @a胡塞尔@c(Husserl, Edmund@f1859-1938)@x现象学@x研究 |
| 600 | 0 | @a胡塞尔@c(Husserl, Edmund@f1859-1938) |
| 606 | 0 | @a现象学 |
| 690 | @aB089@v4 | |
| 690 | @aB516.52@v4 | |
| 701 | 0 | @c(德)@a胡塞尔@c(Husserl, Edmund@f1859~1938)@4著@Ahu sai er |
| 702 | 0 | @a王炳文@f(1934~)@4译@Awang bing wen |
| 801 | 0 | @aCN@c20220910 |
| 905 | @a河南城建学院图书馆@dB089@eH501:1@f2 | |
| 第一哲学.上册/(德)胡塞尔(Edmund Husserl)著/王炳文译.-北京:商务印书馆,2010.10 |
| 549页;21cm.-(汉译世界学术名著丛书) |
| ISBN 978-7-100-07164-2:CNY53.00 |
| 本书分为上下两卷,上卷为批判的理念史共三篇文章;下卷为现象学还原的理论共四篇文章及增补文章。 |
| ● |
| 相关链接 |
|
|
|
正题名:第一哲学
索取号:B089/H501:1
 
预约/预借
| 序号 | 登录号 | 条形码 | 馆藏地/架位号 | 状态 | 备注 |
| 1 | 1582970 | 215829708 | 社科库509/509社科库 8排1列1层/ [索取号:B089/H501:1] | 在馆 | |
| 2 | 1582971 | 215829717 | 社科库509/509社科库 8排1列1层/ [索取号:B089/H501:1] | 在馆 |